000 00517cam a2200145 4500500
005 20251012021647.0
041 _afre
042 _adc
100 1 0 _aSchumacher, Julio
_eauthor
245 0 0 _aEstelle Ferrarese Une philosophie des sanglots Rivages, « Bibliothèque Rivages », 2025, 300 pages, 19 €.
260 _c2025.
500 _a72
786 0 _nÉtudes | Jui | 6 | 2025-05-21 | p. 133-133 | 0014-1941
856 4 1 _uhttps://shs.cairn.info/revue-etudes-2025-6-page-133?lang=fr&redirect-ssocas=7080
999 _c1539059
_d1539059